>Responses for Show #8817 - Tuesday, February 28, 2023>h1>

>2023 High School Reunion Tournament quarterfinal game 7.

Contestants

>[&lt;< previous game]

> href="showplayer.php?player_id=15396" rel="external">Audrey Satchivi>, a senior at Indiana University-Bloomington from Carmel, Indiana

> href="showplayer.php?player_id=15397" rel="external">Anish Maddipoti>, a junior at the University of Texas at Austin from Austin, Texas

> href="showplayer.php?player_id=15398" rel="external">Lucas Miner>, a junior at Yale University from Miami, Florida

>[next game >>]

Jeopardy! Round responses

ble class="round"> <tr>
>YOU'RE IN COLLEGE NOW>tr> <tr>>td>tr> able> <tr>
>PEOPLE FROM ISLANDS>tr> <tr>>td>tr> able> <tr>
>HOBBIES & PASTIMES>tr> <tr>>td>tr> able> <tr>
>RAPPERS>tr> <tr>>td>tr> able> <tr>
>13-LETTER WORDS>tr> <tr>>td>tr> able> <tr> </tr> <tr> </tr> <tr> </tr> <tr> </tr> <tr> </tr> <tr> </tr> <tr> </tr> <tr> </tr> <tr> </tr> <tr> </tr> <tr> </tr> <tr> </tr> <tr> </tr> <tr> </tr> <tr> </tr> <tr> </tr> <tr> </tr> <tr> </tr> <tr> </tr> <tr> </tr> <tr> </tr> <tr> </tr> <tr> </tr> <tr> </tr> <tr> </tr> <tr> </tr> <tr> </tr> <tr> </tr> <tr> </tr> <tr> </tr> <tr> </tr> <tr> </tr> <tr> </tr> <tr> </tr> <tr> </tr> <tr> </tr> able> >Scores at the first commercial break (after clue 15):
>THE NOSE KNOWS>tr> <tr>>td>tr> able> <tr> <td>
>&#160;   >$200 > href="suggestcorrection.php?clue_id=451695" title="Suggest a correction for this clue" rel="nofollow">27>td>
>m class="correct_response">a quad>r />
>able width="100%">>d class="right">Audrey>tr>>td> </tr> able>
<tr> <td>
>&#160;   >$200 > href="suggestcorrection.php?clue_id=451677" title="Suggest a correction for this clue" rel="nofollow">10>td>
>m class="correct_response">Kiwis>r />
>able width="100%">>d class="right">Lucas>tr>>td> </tr> able>
<tr> <td>
>&#160;   >$200 > href="suggestcorrection.php?clue_id=451696" title="Suggest a correction for this clue" rel="nofollow">30>td>
>m class="correct_response">yoga>r />
>able width="100%">>d class="right">Anish>tr>>td> </tr> able>
<tr> <td>
>&#160;   >$200 > href="suggestcorrection.php?clue_id=451678" title="Suggest a correction for this clue" rel="nofollow">9>td>
>m class="correct_response">Megan Thee Stallion>r />
>able width="100%">>d class="right">Lucas>tr>>td> </tr> able>
<tr> <td>
>&#160;   >$200 > href="suggestcorrection.php?clue_id=451697" title="Suggest a correction for this clue" rel="nofollow">25>td>
>m class="correct_response">arachnophobia>r />
>able width="100%">>d class="right">Lucas>tr>>td> </tr> able>
<tr> <td>
>&#160;   >$200 > href="suggestcorrection.php?clue_id=451699" title="Suggest a correction for this clue" rel="nofollow">29>td>
>m class="correct_response">a loss of smell>r />
>able width="100%">>d class="right">Anish>tr>>td> </tr> able>
<tr> <td>
>&#160;   >$400 > href="suggestcorrection.php?clue_id=451687" title="Suggest a correction for this clue" rel="nofollow">20>td>
>m class="correct_response">credit>r />
>able width="100%">>d class="right">Lucas>tr>>td> </tr> able>
<tr> <td>
>&#160;   >$400 > href="suggestcorrection.php?clue_id=451673" title="Suggest a correction for this clue" rel="nofollow">4>td>
>m class="correct_response">Mediterranean>r />
>able width="100%">>d class="right">Anish>tr>>td> </tr> able>
<tr> <td>
>&#160;   >$400 > href="suggestcorrection.php?clue_id=451689" title="Suggest a correction for this clue" rel="nofollow">17>td>
>m class="correct_response">pickleball>r />
>able width="100%">>d class="right">Anish>tr>>td> </tr> able>
<tr> <td>
>&#160;   >$400 > href="suggestcorrection.php?clue_id=451679" title="Suggest a correction for this clue" rel="nofollow">8>td>
>m class="correct_response">Lil Nas X>r />
>able width="100%">>d class="right">Lucas>tr>>td> </tr> able>
<tr> <td>
>&#160;   >$400 > href="suggestcorrection.php?clue_id=451698" title="Suggest a correction for this clue" rel="nofollow">24>td>
>m class="correct_response">circumference>r />
>able width="100%">>d class="right">Audrey>tr>>td> </tr> able>
<tr> <td>
>&#160;   >$400 > href="suggestcorrection.php?clue_id=451700" title="Suggest a correction for this clue" rel="nofollow">28>td>
(Audrey: What is a sneeze?)
>r />m class="correct_response">a bloody nose>r />
>able width="100%">>d class="right">Lucas>d class="wrong">Audrey>tr>>td> </tr> able>
<tr> <td>
>&#160;   >$600 > href="suggestcorrection.php?clue_id=451682" title="Suggest a correction for this clue" rel="nofollow">14>td>
>m class="correct_response">audit>r />
>able width="100%">>d class="right">Anish>tr>>td> </tr> able>
<tr> <td>
>&#160;   >$600 > href="suggestcorrection.php?clue_id=451674" title="Suggest a correction for this clue" rel="nofollow">3>td>
>(Audrey: What is Maui?)
(Lucas: What is Oahu? Oahan? [*]?)
>r />Oahuan>r />
>able width="100%">>d class="right">Lucas>d class="wrong">Audrey>tr>>td> </tr> able>
<tr> <td>
>&#160;   >$600 16>td>
the Wordle>r />
>able width="100%">>d class="right">Audrey>tr>>td> </tr> able>
<tr> <td>
>&#160;   >$600 7>td>
Bad Bunny>r />
>able width="100%">>d class="right">Lucas>tr>>td> </tr> able>
<tr> <td>
>&#160;   >$600 23>td>
a dermatologist>r />
>able width="100%">>d class="right">Lucas>tr>>td> </tr> able>
<tr> <td>
>&#160;   >$600 12>td>
(nose) hairs>r />
>able width="100%">>d class="right">Anish>tr>>td> </tr> able>
<tr> <td>
>&#160;   $800 11>td>
a registrar>r />
>able width="100%">>d class="right">Anish>tr>>td> </tr> able>
<tr> <td>
>&#160;   $1,000 1>td>
(Mayim: >Correcto.)
>r />Puerto Rico>r />
>able width="100%">>d class="right">Lucas>tr>>td> </tr> able>
<tr> <td>
>&#160;   $800 21>td>
an infinity scarf>r />
>able width="100%">>d class="right">Audrey>tr>>td> </tr> able>
<tr> <td>
>&#160;   $800 5>td>
(Audrey: Who is A Boogie wit da Hoodie?)
>r />Earl Sweatshirt>r />
>able width="100%">>d class="wrong">Audrey>tr>table>>r>d class="wrong">Triple Stumper>tr>>td> </tr> able>
<tr> <td>
>&#160;   $800 13>td>
(Lucas: What is monochrome?)
>r />monochromatic>r />
>able width="100%">r>d class="wrong">Lucas>d class="right">Anish>tr>>td> </tr> able>
<tr> <td>
>&#160;   $800 26>td>
a sinus>r />
>able width="100%">>d class="right">Audrey>tr>>td> </tr> able>
<tr> <td>
>&#160;   $1000 19>td>
a bursar>r />
>able width="100%">>d class="right">Audrey>tr>>td> </tr> able>
<tr> <td>
>&#160;   $1000 2>td>
Hokkaido>r />
>able width="100%">>d class="right">Lucas>tr>>td> </tr> able>
<tr> <td>
>&#160;   $1000 18>td>
philately>r />r />>r>d class="wrong">Triple Stumper>tr>>td> </tr> able> <tr> <td>
>&#160;   $1000 6>td>
(Anish: Who is Doja Cat?)
>r />Nicki Minaj>r />
>able width="100%">r>d class="wrong">Anish>d class="right">Audrey>tr>>td> </tr> able>
<tr> <td>
>&#160;   $1000 15>td>
jurisprudence>r />r />>r>d class="wrong">Triple Stumper>tr>>td> </tr> able> <tr> <td>
>&#160;   $1000 22>td>
a philtrum>r />
>able width="100%">>d class="right">Anish>tr>>td> </tr> able>
>Lucas >Anish >Audrey
>$3,200 >$2,200 >-$400
>Scores at the end of the Jeopardy! Round:
>Lucas >Anish >Audrey
>$4,800 >$4,000 >$3,000
>Double Jeopardy! Round responses ble class="round">
<tr>d class="category_name">STAY CLASSY, CLASSICAL MUSIC>tr> <tr>
>td>tr> able> <tr>d class="category_name">THEY WROTE 'EM>tr> <tr>
>td>tr> able> <tr>d class="category_name">THAT'S A LAUGH!>tr> <tr>
>td>tr> able> <tr>d class="category_name">MEDIEVAL TIMES>tr> <tr> </tr> <tr>
>td>tr> able> <tr>d class="category_name">SOUTH AMERICANA>tr> <tr>
>td>tr> able> <tr>d class="category_name">GET "SET">tr> <tr> </tr> <tr> </tr> <tr> </tr> <tr> </tr> <tr> </tr> <tr> </tr> <tr> </tr> <tr> </tr> <tr> </tr> <tr> </tr> <tr> </tr> <tr> </tr> <tr> </tr> <tr> </tr> <tr> </tr> <tr> </tr> <tr> </tr> <tr> </tr> <tr> </tr> <tr> </tr> <tr> </tr> <tr> </tr> <tr> </tr> <tr> </tr> <tr> </tr> <tr> </tr> <tr> </tr> <tr> </tr> <tr> </tr> <tr> </tr> <tr> </tr> <tr> </tr> <tr> </tr> <tr> </tr> <tr> </tr> <tr> </tr> able>

Scores at the end of the Double Jeopardy! Round:

>td>tr> able> <tr> <td>
>&#160;   >$400 17>td>
>>Nutcracker>r />
>able width="100%">>d class="right">Anish>tr>>td> </tr> able>
<tr> <td>
>&#160;   >$400 25>td>
Chaucer>r />
>able width="100%">>d class="right">Lucas>tr>>td> </tr> able>
<tr> <td>
>&#160;   >$400 24>td>
>>Ted Lasso>r />
>able width="100%">>d class="right">Audrey>tr>>td> </tr> able>
<tr> <td>
>&#160;   >$400 30>td>
(wild) boars>r />
>able width="100%">>d class="right">Lucas>tr>>td> </tr> able>
<tr> <td>
>&#160;   >$400 5>td>
Peru>r />
>able width="100%">>d class="right">Lucas>tr>>td> </tr> able>
<tr> <td>
>&#160;   >$400 28>td>
(Audrey: Ooh, what is, uh... no, lost it.)
>r />an asset>r />
>able width="100%">>d class="right">Lucas>d class="wrong">Audrey>tr>>td> </tr> able>
<tr> <td>
>&#160;   $800 16>td>
>>William Tell>r />
>able width="100%">>d class="right">Lucas>tr>>td> </tr> able>
<tr> <td>
>&#160;   $800 26>td>
Langston Hughes>r />
>able width="100%">>d class="right">Audrey>tr>>td> </tr> able>
<tr> <td>
>&#160;   $800 10>td>
>>It's Always Sunny in Philadelphia>r />
>able width="100%">>d class="right">Audrey>tr>>td> </tr> able>
<tr> <td>
>&#160;   $800 29>td>
(Audrey: What are Christians and, uh, Judaism? Jewish people?)
(Mayim: That's right, [*].)
>r />m class="correct_response">Christians & Jews>r />
>able width="100%">>d class="right">Audrey>tr>>td> </tr> able>
<tr> <td>
>&#160;   $800 > href="suggestcorrection.php?clue_id=451703" title="Suggest a correction for this clue" rel="nofollow">2>td>
(Audrey: What is silk?)
>r />m class="correct_response">lace>r />
>able width="100%">>d class="wrong">Audrey>tr>table>>r>d class="wrong">Triple Stumper>tr>>td> </tr> able>
<tr> <td>
>&#160;   $800 > href="suggestcorrection.php?clue_id=451728" title="Suggest a correction for this clue" rel="nofollow">27>td>
>m class="correct_response">falsetto>r />
>able width="100%">>d class="right">Audrey>tr>>td> </tr> able>
<tr> <td>
>&#160;   $1200 > href="suggestcorrection.php?clue_id=451714" title="Suggest a correction for this clue" rel="nofollow">13>td>
>m class="correct_response">Mozart>r />
>able width="100%">>d class="right">Lucas>tr>>td> </tr> able>
<tr> <td>
>&#160;   $1200 > href="suggestcorrection.php?clue_id=451720" title="Suggest a correction for this clue" rel="nofollow">19>td>
(Lucas: Who is Kipling?)
>r />m class="correct_response">E.M. Forster>r />
>able width="100%">r>d class="wrong">Lucas>tr>table>>r>d class="wrong">Triple Stumper>tr>>td> </tr> able>
<tr> <td>
>&#160;   $1200 > href="suggestcorrection.php?clue_id=451709" title="Suggest a correction for this clue" rel="nofollow">9>td>
>m class="correct_response">>What We Do in the Shadows>r />
>able width="100%">>d class="right">Audrey>tr>>td> </tr> able>
<tr> <td>
>&#160;   $1200 > href="suggestcorrection.php?clue_id=451712" title="Suggest a correction for this clue" rel="nofollow">7>td>
>m class="correct_response">Leif Erikson>r />
>able width="100%">>d class="right">Anish>tr>>td> </tr> able>
<tr> <td>
>&#160;   $1200 > href="suggestcorrection.php?clue_id=451702" title="Suggest a correction for this clue" rel="nofollow">1>td>
>m class="correct_response">a telenovela>r />
>able width="100%">>d class="right">Audrey>tr>>td> </tr> able>
<tr> <td>
>&#160;   $1200 > href="suggestcorrection.php?clue_id=451729" title="Suggest a correction for this clue" rel="nofollow">23>td>
>m class="correct_response">poinsettias>r />
>able width="100%">>d class="right">Audrey>tr>>td> </tr> able>
<tr> <td>
>&#160;   $1600 > href="suggestcorrection.php?clue_id=451706" title="Suggest a correction for this clue" rel="nofollow">6>td>
>m class="correct_response">Vivaldi>r />
>able width="100%">>d class="right">Anish>tr>>td> </tr> able>
<tr> <td>
>&#160;   $1600 > href="suggestcorrection.php?clue_id=451721" title="Suggest a correction for this clue" rel="nofollow">22>td>
>m class="correct_response">Amanda Gorman>r />r />>r>d class="wrong">Triple Stumper>tr>>td> </tr> able> <tr> <td>
>&#160;   $1600 > href="suggestcorrection.php?clue_id=451710" title="Suggest a correction for this clue" rel="nofollow">8>td>
>m class="correct_response">Nathan Fielder>r />
>able width="100%">>d class="right">Audrey>tr>>td> </tr> able>
<tr> <td>
>&#160;   $5,000 > href="suggestcorrection.php?clue_id=451715" title="Suggest a correction for this clue" rel="nofollow">14>td>
>m class="correct_response">Timbuktu>r />
>able width="100%">>d class="right">Lucas>tr>>td> </tr> able>
<tr> <td>
>&#160;   $1600 > href="suggestcorrection.php?clue_id=451704" title="Suggest a correction for this clue" rel="nofollow">3>td>
>m class="correct_response">a gaucho>r />r />>r>d class="wrong">Triple Stumper>tr>>td> </tr> able> <tr> <td>
>&#160;   $1600 > href="suggestcorrection.php?clue_id=451730" title="Suggest a correction for this clue" rel="nofollow">18>td>
(Lucas: What is the peso?)
>r />m class="correct_response">the peseta>r />
>able width="100%">r>d class="wrong">Lucas>tr>table>>r>d class="wrong">Triple Stumper>tr>>td> </tr> able>
<tr> <td>
>&#160;   $2000 > href="suggestcorrection.php?clue_id=451707" title="Suggest a correction for this clue" rel="nofollow">12>td>
>m class="correct_response">the > Brandenburg Concertos>r />
>able width="100%">>d class="right">Lucas>tr>>td> </tr> able>
<tr> <td>
>&#160;   $2000 > href="suggestcorrection.php?clue_id=451722" title="Suggest a correction for this clue" rel="nofollow">21>td>
(Lucas: My dad's a big fan.)
>r />m class="correct_response">Cormac McCarthy>r />
>able width="100%">>d class="right">Lucas>tr>>td> </tr> able>
<tr> <td>
>&#160;   $2000 > href="suggestcorrection.php?clue_id=451711" title="Suggest a correction for this clue" rel="nofollow">11>td>
>m class="correct_response">the >Patriot Act>r />
>able width="100%">>d class="right">Lucas>tr>>td> </tr> able>
<tr> <td>
>&#160;   $2000 > href="suggestcorrection.php?clue_id=451726" title="Suggest a correction for this clue" rel="nofollow">15>td>
>m class="correct_response">ordeal>r />r />>r>d class="wrong">Triple Stumper>tr>>td> </tr> able> <tr> <td>
>&#160;   $2,000 > href="suggestcorrection.php?clue_id=451705" title="Suggest a correction for this clue" rel="nofollow">4>td>
>m class="correct_response">magic realism>r />
>able width="100%">>d class="right">Audrey>tr>>td> </tr> able>
<tr> <td>
>&#160;   $2000 > href="suggestcorrection.php?clue_id=451731" title="Suggest a correction for this clue" rel="nofollow">20>td>
(Mayim: So cute.)
>r />m class="correct_response">a marmoset>r />r />>r>d class="wrong">Triple Stumper>tr>>td> </tr> able>
>Lucas >Anish >Audrey
$16,600 $7,200 >$12,600

>[wagering suggestions for these scores]

Final Jeopardy! Round responses

ble class="final_round">
<table> <tr>d class="category_name">NAMES OF MYTH>tr>
>td>tr>
iv>
<tr> <td class="clue_text">(Mayim: [To Audrey] And later in her life, Agamemnon led a Greek army to return her from Troy in the Trojan War.)>r> able>

Final scores:

>Anish>d rowspan="2" valign="top">Who is Lebron James? ♡ Mom + Dad>tr>r>d>$801>tr>>d class="right">Audrey>d rowspan="2" valign="top">Who is Helen of Troy?>tr>r>d>$2,801>tr>>d class="right">Lucas>d rowspan="2" valign="top">Who is Helen of Troy? (boola boola!)>tr>r>d>$8,601>tr>table>m class="correct_response">Helen of Troy>td> </tr> able>
>Lucas >Anish >Audrey
$25,201 $6,399 $15,401
Winner: semifinalist 3rd place: $5,000 2nd place: $5,000

Game dynamics:

> href="help.php#coryatscore">Coryat scores>:</h3>
>Lucas >Anish >Audrey
$13,000 $7,200 >$12,600
>21 R
(including 2 DDs),
>3 W
>12 R,
1 W
17 R
>(including 1 DD),
5 W

>Combined Coryat: $32,800

>[game clues] >[game scores] >[suggest correction]

Game tape date: 2023-01-30
The J! Archive is created by fans, for fans. Scraping, republication, monetization, and malicious use prohibited; this site may use cookies and collect identifying information. See terms. The Jeopardy! game show and all elements thereof, including but not limited to copyright and trademark thereto, are the property of Jeopardy Productions, Inc. and are protected under law. This website is not affiliated with, sponsored by, or operated by Jeopardy Productions, Inc. Join the discussion at JBoard.tv.